[Event "ENCI Limburg-open A"]
[Site "Maastricht"]
[Date "2012.05.25"]
[Round "1"]
[White "Reymann, Cedric"]
[Black "Rietveld, Leo"]
[Result "0-1"]
[WhiteElo "2138"]
[BlackElo "2041"]
[PlyCount "75"]
[EventDate "2012.05.25"]
[EventType "swiss"]
[EventRounds "7"]
[EventCountry "NED"]
[Source "P.Boonen"]
[SourceDate "2013.01.01"]

1. e4 d5 2. exd5 Nf6 3. Bb5+ Bd7 4. Be2 e6 5. dxe6 Bxe6 6. d4 c5 7. Nf3 Nc6 8.
c3 Qb6 9. Qa4 O-O-O 10. O-O h6 11. Nbd2 cxd4 12. Nxd4 Nxd4 13. cxd4 Kb8 14. Nf3
Nd5 15. Qb5 Qd6 16. Be3 g5 17. Ne5 f5 18. Rac1 Bd7 19. Qb3 Be8 20. Bb5 Rh7 21.
Bxe8 Rxe8 22. Nc6+ Ka8 23. Nxa7 Rxe3 24. fxe3 Kxa7 25. Rxf5 Rc7 26. Qa4+ Kb8
27. Qe8+ Ka7 28. Rxc7 Qxc7 29. Qa4+ Kb6 30. Qb3+ Ka7 31. Rxd5 Qc1+ 32. Kf2 Qd2+
33. Kg3 Qe1+ 34. Kg4 h5+ 35. Kf5 Qf1+ 36. Ke6 Qa6+ 37. Kf7 Qf1+ 38. Ke8 0-1

[Event "ENCI Limburg-open A"]
[Site "Maastricht"]
[Date "2012.05.25"]
[Round "1"]
[White "Ritsema, Ronald"]
[Black "Nachbar, Benjamin"]
[Result "1/2-1/2"]
[WhiteElo "2051"]
[BlackElo "2153"]
[PlyCount "48"]
[EventDate "2012.05.25"]
[EventType "swiss"]
[EventRounds "7"]
[EventCountry "NED"]
[Source "P.Boonen"]
[SourceDate "2013.01.01"]

1. Nf3 d5 2. d4 c6 3. c4 e6 4. Qc2 Nf6 5. g3 Be7 6. Bg2 O-O 7. O-O b6 8. b3 Bb7
9. Nbd2 Nbd7 10. Bb2 Rc8 11. e4 dxe4 12. Nxe4 Nxe4 13. Qxe4 Rc7 14. Rac1 Qa8
15. Qf4 Rfc8 16. Rfe1 Bf6 17. Ng5 Bxg5 18. Qxg5 h6 19. Qf4 c5 20. d5 Nf8 21.
Bh3 Re7 22. Qe5 f6 23. Qd6 Rce8 24. dxe6 Bf3 1/2-1/2

[Event "ENCI Limburg-open A"]
[Site "Maastricht"]
[Date "2012.05.25"]
[Round "1"]
[White "Schmitz, Andreas Arnold"]
[Black "Van Meegen, Ruud"]
[Result "1-0"]
[WhiteElo "2074"]
[BlackElo "1958"]
[PlyCount "41"]
[EventDate "2012.05.25"]
[EventType "swiss"]
[EventRounds "7"]
[EventCountry "NED"]
[Source "P.Boonen"]
[SourceDate "2013.01.01"]

1. e4 c5 2. b3 Nc6 3. Bb2 e6 4. Qe2 Nge7 5. Nf3 b6 6. Nc3 Bb7 7. O-O-O a6 8. d4
cxd4 9. Nxd4 Nxd4 10. Rxd4 Nc6 11. Rd2 Qc7 12. Nd5 Qd8 13. h4 Nb4 14. a3 Nxd5
15. exd5 Qc7 16. Rh3 Qf4 17. Kb1 Be7 18. Bxg7 Rg8 19. Be5 Qf5 20. Rf3 Qg4 21.
Rg3 1-0

[Event "ENCI Limburg-open A"]
[Site "Maastricht"]
[Date "2012.05.25"]
[Round "1"]
[White "Schmitz, Manuela"]
[Black "Knol, Geon"]
[Result "0-1"]
[WhiteElo "2037"]
[BlackElo "2130"]
[PlyCount "76"]
[EventDate "2012.05.25"]
[EventType "swiss"]
[EventRounds "7"]
[EventCountry "NED"]
[Source "P.Boonen"]
[SourceDate "2013.01.01"]

1. d4 c6 2. Nf3 Nf6 3. c4 b5 4. cxb5 cxb5 5. g3 Bb7 6. Bg2 e6 7. O-O Be7 8.
Nbd2 O-O 9. b3 a5 10. Bb2 Na6 11. Rc1 Qb6 12. Qc2 Rfc8 13. Qb1 b4 14. Rc4 Nc7
15. Ne5 d5 16. Rc2 Nb5 17. Rfc1 Nxd4 18. Rxc8+ Rxc8 19. Bf1 Nc6 20. Ndf3 Nxe5
21. Nxe5 Ne4 22. e3 Rxc1 23. Qxc1 Qc5 24. Qxc5 Bxc5 25. Bd3 Nc3 26. a3 f6 27.
axb4 axb4 28. Nf3 e5 29. Nd2 e4 30. Bc2 Ba6 31. Kg2 Kf7 32. Nb1 Nb5 33. Bc1 f5
34. f3 Na3 35. Nxa3 bxa3 36. fxe4 fxe4 37. Bb1 Bd3 38. Ba2 Bb4 0-1

[Event "ENCI Limburg-open A"]
[Site "Maastricht"]
[Date "2012.05.25"]
[Round "1"]
[White "Schroer, Marcel"]
[Black "Van den Ouden, Lendert"]
[Result "1/2-1/2"]
[WhiteElo "2091"]
[BlackElo "1990"]
[PlyCount "20"]
[EventDate "2012.05.25"]
[EventType "swiss"]
[EventRounds "7"]
[EventCountry "NED"]
[Source "P.Boonen"]
[SourceDate "2013.01.01"]

1. e4 e5 2. Nf3 Nf6 3. Nxe5 d6 4. Nf3 Nxe4 5. d4 d5 6. Bd3 Nc6 7. O-O Be7 8. c4
Nb4 9. Be2 O-O 10. Nc3 Nxc3 1/2-1/2

[Event "ENCI Limburg-open A"]
[Site "Maastricht"]
[Date "2012.05.25"]
[Round "1"]
[White "Stiefel, Roland"]
[Black "Meyers, Mark"]
[Result "0-1"]
[WhiteElo "2059"]
[BlackElo "1918"]
[PlyCount "106"]
[EventDate "2012.05.25"]
[EventType "swiss"]
[EventRounds "7"]
[EventCountry "NED"]
[Source "P.Boonen"]
[SourceDate "2013.01.01"]

1. d4 Nf6 2. Bf4 e6 3. e3 b6 4. Nf3 Bb7 5. Be2 c5 6. c3 Be7 7. h3 d6 8. O-O O-O
9. Nbd2 Nbd7 10. a4 a6 11. Nc4 Ne4 12. Nfd2 Nxd2 13. Qxd2 Nf6 14. f3 cxd4 15.
cxd4 Rc8 16. Bh2 a5 17. Na3 e5 18. Nb5 e4 19. Rac1 Qd7 20. Nc3 Qe6 21. fxe4
Nxe4 22. Nxe4 Bxe4 23. Ba6 Rce8 24. Qf2 Qg6 25. Qg3 Bg5 26. Rc3 Bd5 27. Re1 Re7
28. Bf1 Rfe8 29. Kh1 Re6 30. Bd3 Qh6 31. Qg4 g6 32. e4 f5 33. Qd1 Bd2 34. Rf1
Bxc3 35. bxc3 Bxe4 36. Bxe4 Rxe4 37. Bxd6 Qh4 38. Qb3+ Kg7 39. Qxb6 Re1 40.
Rxe1 Qxe1+ 41. Kh2 Qxc3 42. Qb7+ Kf6 43. Qd5 Qe3 44. Bc7 f4 45. Bd8+ Kg7 46.
Qd7+ Kh6 47. Bh4 Re4 48. Qd8 f3 49. Qf8+ Kh5 50. Qc5+ g5 51. Qf5 Qf4+ 52. Qxf4
Rxf4 53. g4+ Kxh4 0-1

[Event "ENCI Limburg-open A"]
[Site "Maastricht"]
[Date "2012.05.25"]
[Round "1"]
[White "Stone, Andrew M"]
[Black "Broekmeulen, Jasper"]
[Result "0-1"]
[WhiteElo "2233"]
[BlackElo "2405"]
[PlyCount "96"]
[EventDate "2012.05.25"]
[EventType "swiss"]
[EventRounds "7"]
[EventCountry "NED"]
[Source "P.Boonen"]
[SourceDate "2013.01.01"]

1. c4 d6 2. g3 g5 3. d4 Bg7 4. Nc3 h6 5. h4 g4 6. e3 Nc6 7. Bg2 e5 8. Nge2 f5
9. d5 Nce7 10. e4 Nf6 11. f4 gxf3 12. Bxf3 fxe4 13. Nxe4 Nxe4 14. Bxe4 O-O 15.
Be3 Bg4 16. Qd2 Nf5 17. Bxf5 Rxf5 18. Bxh6 Qe8 19. Bxg7 Kxg7 20. h5 Rxh5 21.
O-O-O Qg6 22. Rxh5 Qxh5 23. Re1 Rf8 24. Nc3 Rf3 25. Nb5 Bf5 26. Nxc7 Rd3 27.
Ne6+ Kf6 28. Nf4 exf4 29. Qxf4 Kg7 30. Rf1 Qg4 31. b3 Qxf4+ 32. Rxf4 Bg6 33. g4
Rc3+ 34. Kb2 Re3 35. a3 Re4 36. Rxe4 Bxe4 37. Kc3 Kf6 38. Kd4 Bf3 39. g5+ Kxg5
40. b4 Kf4 41. a4 Bg4 42. a5 Bd7 43. a6 b5 44. c5 Kf5 45. cxd6 Be8 46. Kc5 Ke5
47. d7 Bxd7 48. d6 Ke6 0-1

[Event "ENCI Limburg-open A"]
[Site "Maastricht"]
[Date "2012.05.25"]
[Round "1"]
[White "Tate, Emory"]
[Black "Smith, Thijmen"]
[Result "1/2-1/2"]
[WhiteElo "2307"]
[BlackElo "2172"]
[PlyCount "106"]
[EventDate "2012.05.25"]
[EventType "swiss"]
[EventRounds "7"]
[EventCountry "NED"]
[Source "P.Boonen"]
[SourceDate "2013.01.01"]

1. e4 c5 2. Nf3 d6 3. d4 cxd4 4. Nxd4 Nf6 5. f3 a6 6. c4 e6 7. Nc3 Be7 8. Be3
O-O 9. Qd2 Qc7 10. Rc1 b6 11. Be2 Bb7 12. O-O Nbd7 13. Kh1 Rac8 14. Rfd1 Rfd8
15. Bf1 Ne5 16. Na4 Nfd7 17. b4 Qb8 18. Bg5 Bxg5 19. Qxg5 Bc6 20. Nb2 Nf6 21.
a4 Qa7 22. Qg3 Ba8 23. Qe1 Nc6 24. Nxc6 Bxc6 25. Qe3 a5 26. b5 Ba8 27. Rd2 Qc7
28. Rcd1 d5 29. cxd5 exd5 30. e5 Re8 31. Nd3 Nd7 32. f4 Nc5 33. Rc2 Qe7 34.
Rdc1 d4 35. Qh3 Bb7 36. Nxc5 Rxc5 37. Rxc5 bxc5 38. Qa3 Rc8 39. Bc4 g6 40. Qg3
Kh8 41. Re1 Rd8 42. e6 Bd5 43. exf7 Qxf7 44. Qg5 Rd7 45. Qe5+ Kg8 46. Bf1 c4
47. Rc1 d3 48. Bxd3 Re7 49. Qd4 cxd3 50. Rc8+ Re8 51. Rxe8+ Qxe8 52. Qxd5+ Kg7
53. Qd4+ Kg8 1/2-1/2

[Event "ENCI Limburg-open A"]
[Site "Maastricht"]
[Date "2012.05.25"]
[Round "1"]
[White "Van Foreest, Jorden"]
[Black "Schoorl, Rob"]
[Result "1/2-1/2"]
[WhiteElo "2175"]
[BlackElo "2317"]
[PlyCount "99"]
[EventDate "2012.05.25"]
[EventType "swiss"]
[EventRounds "7"]
[EventCountry "NED"]
[Source "P.Boonen"]
[SourceDate "2013.01.01"]

1. e4 e5 2. Nf3 Nc6 3. Bb5 a6 4. Ba4 Nf6 5. O-O b5 6. Bb3 Bb7 7. Re1 Bc5 8. c3
d6 9. d4 Bb6 10. a4 h6 11. axb5 axb5 12. Rxa8 Qxa8 13. Na3 O-O 14. Nxb5 Na5 15.
dxe5 Ng4 16. Nfd4 Nxf2 17. Kxf2 Nxb3 18. exd6 Nxc1 19. Qxc1 Bxe4 20. dxc7 Qd5
21. Qf4 f5 22. Kg1 Qxb5 23. Rxe4 Qxb2 24. Re3 Qc1+ 25. Kf2 Qd2+ 26. Kf3 g5 27.
Qd6 g4+ 28. Kf4 Qf2+ 29. Rf3 Qd2+ 30. Re3 Qf2+ 31. Rf3 Bxc7 32. Rxf2 Bxd6+ 33.
Ke3 Bxh2 34. Rxf5 Re8+ 35. Kd3 Kg7 36. c4 Kg6 37. Rb5 Bf4 38. Rb6+ Kh5 39. Nf5
Kg5 40. Rb5 Kf6 41. Rd5 Re1 42. g3 Bg5 43. Nd6 Ke6 44. Ne4 Rd1+ 45. Ke2 Rxd5
46. cxd5+ Kxd5 47. Nxg5 hxg5 48. Kd3 Ke5 49. Ke3 Kd5 50. Kd3 1/2-1/2

[Event "ENCI Limburg-open A"]
[Site "Maastricht"]
[Date "2012.05.25"]
[Round "1"]
[White "Van Foreest, Lucas"]
[Black "Holscher, Peter"]
[Result "1-0"]
[WhiteElo "1960"]
[BlackElo "2089"]
[PlyCount "69"]
[EventDate "2012.05.25"]
[EventType "swiss"]
[EventRounds "7"]
[EventCountry "NED"]
[Source "P.Boonen"]
[SourceDate "2013.01.01"]

1. e4 e6 2. d4 d5 3. e5 Qd7 4. Nf3 b6 5. Bd3 Ba6 6. O-O Ne7 7. Bxa6 Nxa6 8. b3
Rc8 9. Qe2 Nb8 10. Bb2 c5 11. c3 Nf5 12. Qd3 h5 13. Nbd2 Nc6 14. Rfc1 Be7 15.
Nf1 g5 16. Ne3 Nxe3 17. fxe3 g4 18. Nd2 Bg5 19. Rf1 Ne7 20. c4 cxd4 21. Bxd4
Ng6 22. cxd5 Qxd5 23. Nc4 Be7 24. Rac1 Rd8 25. Qc2 O-O 26. Nd6 Bxd6 27. exd6 e5
28. Bc3 Qxd6 29. Qf5 Qd3 30. e4 Rc8 31. Bd2 Rxc1 32. Bxc1 Kg7 33. Ba3 Qd4+ 34.
Kh1 Nf4 35. Qg5+ 1-0

[Event "ENCI Limburg-open A"]
[Site "Maastricht"]
[Date "2012.05.25"]
[Round "1"]
[White "Van Gelder, Bart"]
[Black "Coenen, Michael"]
[Result "0-1"]
[WhiteElo "2166"]
[BlackElo "2306"]
[PlyCount "80"]
[EventDate "2012.05.25"]
[EventType "swiss"]
[EventRounds "7"]
[EventCountry "NED"]
[Source "P.Boonen"]
[SourceDate "2013.01.01"]

1. e4 c5 2. Nf3 Nc6 3. Bb5 g6 4. O-O Bg7 5. Re1 Qb6 6. Na3 a6 7. Bf1 d6 8. c3
Bg4 9. h3 Bxf3 10. Qxf3 Nf6 11. d3 O-O 12. Qe2 Qc7 13. Nc2 b5 14. d4 cxd4 15.
cxd4 Rac8 16. d5 Na5 17. Nb4 Qb7 18. Bg5 Rc4 19. Bxf6 Bxf6 20. Nd3 Re8 21. Rad1
Rc7 22. Rc1 Rxc1 23. Rxc1 e6 24. Nb4 Nc4 25. b3 Nb6 26. Qf3 Bb2 27. Rd1 Nd7 28.
dxe6 Rxe6 29. Nd5 Qa7 30. Qe2 Bd4 31. Qd2 Rxe4 32. Nc3 Bxc3 33. Qxc3 Re6 34.
Qc8+ Kg7 35. Kh1 Nf6 36. Qc3 Qxf2 37. a4 Re5 38. axb5 axb5 39. Qd2 Ne4 40. Qd3
Qc5 0-1

[Event "ENCI Limburg-open A"]
[Site "Maastricht"]
[Date "2012.05.25"]
[Round "1"]
[White "Van Liempt, Michael"]
[Black "Faber, Hugo"]
[Result "1-0"]
[WhiteElo "1956"]
[BlackElo "2061"]
[PlyCount "59"]
[EventDate "2012.05.25"]
[EventType "swiss"]
[EventRounds "7"]
[EventCountry "NED"]
[Source "P.Boonen"]
[SourceDate "2013.01.01"]

1. e4 Nf6 2. e5 Nd5 3. d4 d6 4. c4 Nb6 5. exd6 exd6 6. Nc3 Be7 7. Bd3 Nc6 8.
Nge2 Bg4 9. f3 Bh5 10. Nf4 Bg6 11. Nxg6 hxg6 12. Ne2 Bf6 13. Be4 Qd7 14. Bxc6
Qxc6 15. b3 O-O-O 16. Be3 Rde8 17. Bf2 d5 18. c5 Qb5 19. cxb6 Rxe2+ 20. Qxe2
Re8 21. Be3 Qb4+ 22. Kf1 Bxd4 23. Bd2 Rxe2 24. Bxb4 Rf2+ 25. Ke1 axb6 26. Rd1
Be3 27. Bd2 d4 28. Bxe3 dxe3 29. Rf1 Rxa2 30. Rd3 1-0

[Event "ENCI Limburg-open A"]
[Site "Maastricht"]
[Date "2012.05.25"]
[Round "1"]
[White "Van Osch, Mees"]
[Black "Koenig, Christian"]
[Result "1-0"]
[WhiteElo "2029"]
[BlackElo "2121"]
[PlyCount "133"]
[EventDate "2012.05.25"]
[EventType "swiss"]
[EventRounds "7"]
[EventCountry "NED"]
[Source "P.Boonen"]
[SourceDate "2013.01.01"]

1. e4 c5 2. Nf3 e6 3. d4 cxd4 4. Nxd4 a6 5. Bd3 Nf6 6. O-O d6 7. c4 b6 8. Nc3
Bb7 9. f4 Qc7 10. Be3 Nbd7 11. f5 e5 12. Nb3 h5 13. Kh1 Be7 14. Nd5 Bxd5 15.
cxd5 Ng4 16. Bd2 Ngf6 17. Qe2 Qb7 18. Rac1 Nc5 19. Na1 Nxd3 20. Qxd3 O-O 21.
Nc2 a5 22. a4 Qa6 23. Qxa6 Rxa6 24. Rce1 Rc8 25. Na3 Nd7 26. Be3 Raa8 27. g3
Rc7 28. Rc1 Rac8 29. Rxc7 Rxc7 30. Kg2 g6 31. fxg6 fxg6 32. Kf3 Bf8 33. Ke2 Nc5
34. Bxc5 bxc5 35. Nb5 Rb7 36. Kd3 Be7 37. b3 Kg7 38. Kc2 Rd7 39. Na3 Bd8 40.
Nc4 Bc7 41. Kc3 Rd8 42. Rf3 Rb8 43. Na3 Rb7 44. Nb5 Bb8 45. Kd3 Rd7 46. Ke2 Rb7
47. Kf1 Rd7 48. Kg2 Ba7 49. Kh3 Bb6 50. g4 hxg4+ 51. Kxg4 Bd8 52. h4 Be7 53.
Na3 Rd8 54. h5 gxh5+ 55. Kxh5 Rh8+ 56. Kg4 Kg6 57. Rh3 Rf8 58. Rf3 Rh8 59. Nc4
Rh4+ 60. Kg3 Rxe4 61. Nxa5 Bh4+ 62. Kh3 Be1 63. Nc4 Rd4 64. Nxd6 Rxd5 65. Nc4
e4 66. Re3 Rd3 67. Ne5+ 1-0

[Event "ENCI Limburg-open A"]
[Site "Maastricht"]
[Date "2012.05.25"]
[Round "1"]
[White "Vandevoort, Pascal"]
[Black "Huesmann, Thomas"]
[Result "1-0"]
[WhiteElo "2391"]
[BlackElo "2230"]
[PlyCount "75"]
[EventDate "2012.05.25"]
[EventType "swiss"]
[EventRounds "7"]
[EventCountry "NED"]
[Source "P.Boonen"]
[SourceDate "2013.01.01"]

1. d4 f5 2. h3 d6 3. g4 Nc6 4. d5 Ne5 5. gxf5 Bxf5 6. Nc3 Nf6 7. Bg2 g6 8. e4
Bd7 9. f4 Nf7 10. Nf3 e6 11. O-O Bg7 12. Nd4 exd5 13. exd5 O-O 14. Ne6 Bxe6 15.
dxe6 Nh6 16. Bxb7 Rb8 17. Bg2 Nf5 18. Re1 c6 19. Qe2 Re8 20. Na4 Qa5 21. Nc3 d5
22. Qd2 Nh5 23. Bf3 Nd4 24. Bxh5 gxh5 25. Qg2 Kh8 26. Kh1 Bf6 27. f5 Rg8 28.
Qf2 Nb5 29. Nxb5 Qxb5 30. Bf4 Rbe8 31. Be5 Bxe5 32. Rxe5 Qxb2 33. Rae1 Rg5 34.
e7 Qc3 35. Kh2 h4 36. R1e3 Qa1 37. f6 Rxe5 38. f7 1-0

[Event "ENCI Limburg-open A"]
[Site "Maastricht"]
[Date "2012.05.25"]
[Round "1"]
[White "Vedder, Henk"]
[Black "Jellema, Yme Jan"]
[Result "1-0"]
[WhiteElo "2373"]
[BlackElo "2202"]
[PlyCount "83"]
[EventDate "2012.05.25"]
[EventType "swiss"]
[EventRounds "7"]
[EventCountry "NED"]
[Source "P.Boonen"]
[SourceDate "2013.01.01"]

1. e4 c6 2. d4 d5 3. Nd2 dxe4 4. Nxe4 Bf5 5. Ng3 Bg6 6. Bc4 e6 7. N1e2 Bd6 8.
O-O Qc7 9. Re1 Nd7 10. Nc3 O-O-O 11. Nce4 Bf4 12. Bb3 Ngf6 13. Qf3 Bxc1 14.
Raxc1 h5 15. Ng5 h4 16. Nf1 Rh5 17. Nh3 Bf5 18. Ne3 Bxh3 19. Qxh3 g5 20. c4 Qf4
21. Bd1 Rh7 22. d5 Ne5 23. dxe6 g4 24. Bxg4 Nexg4 25. e7 Re8 26. f3 Rg7 27.
fxg4 Nxg4 28. Qxh4 f5 29. Nxg4 Qd4+ 30. Qf2 Qxg4 31. Re5 f4 32. Rce1 f3 33. g3
Rf7 34. R5e4 Qh5 35. h4 Qa5 36. b3 Kd7 37. Kh2 Qh5 38. Qxa7 f2 39. Qxb7+ Kd6
40. c5+ Kd5 41. Qd7+ Kxc5 42. Rc1+ 1-0

[Event "ENCI Limburg-open A"]
[Site "Maastricht"]
[Date "2012.05.25"]
[Round "1"]
[White "Wagener, Claude"]
[Black "Berg, Emanuel"]
[Result "1/2-1/2"]
[WhiteElo "2264"]
[BlackElo "2587"]
[PlyCount "135"]
[EventDate "2012.05.25"]
[EventType "swiss"]
[EventRounds "7"]
[EventCountry "NED"]
[Source "P.Boonen"]
[SourceDate "2013.01.01"]

1. e4 e6 2. d4 d5 3. Nd2 Nf6 4. e5 Nfd7 5. c3 c5 6. Bd3 Nc6 7. Ne2 cxd4 8. cxd4
f6 9. exf6 Nxf6 10. O-O Bd6 11. Nf3 Qc7 12. Bg5 O-O 13. Bh4 Nh5 14. Qc2 h6 15.
Bh7+ Kh8 16. Bg6 Rxf3 17. Bxh5 Rf8 18. Bg3 Bd7 19. Rad1 Rf6 20. a3 Raf8 21. Qc5
Bxc5 22. Bxc7 Be7 23. Nc1 Rc8 24. Bg3 Na5 25. Nd3 Bb5 26. Be5 Rff8 27. Nf4 Rxf4
28. Bxf4 Bxf1 29. Kxf1 Bf6 30. Bf7 Rc6 31. b4 g5 32. Bg3 Nb3 33. b5 Rc3 34.
Bxe6 Nxd4 35. Bxd5 Rxa3 36. Bxb7 Nxb5 37. f4 a5 38. Rd7 a4 39. fxg5 hxg5 40.
Rf7 Ra1+ 41. Ke2 Bg7 42. Kd3 Rb1 43. Bc6 a3 44. Bxb5 a2 45. Ra7 a1=Q 46. Rxa1
Bxa1 47. Bc6 Kg7 48. Bf3 Kf6 49. Ke4 Rb4+ 50. Ke3 Bd4+ 51. Kd3 Ba1 52. h3 Rb3+
53. Ke4 Ra3 54. Bf2 Be5 55. Be3 Ra4+ 56. Kd3 Ra2 57. Ke4 Bd6 58. Bd4+ Kg6 59.
Kd5 Bf4 60. Ke6 Ra6+ 61. Kd5 Ra4 62. Bc3 Ra3 63. Bd4 Be3 64. Be5 Ra4 65. Bc3
Bf4 66. Bd4 Ra5+ 67. Ke6 Ra6+ 68. Kd5 1/2-1/2

[Event "ENCI Limburg-open A"]
[Site "Maastricht"]
[Date "2012.05.25"]
[Round "1"]
[White "Wiley, Tom E"]
[Black "Surewaard, Wilbert"]
[Result "1-0"]
[WhiteElo "2287"]
[BlackElo "2157"]
[PlyCount "97"]
[EventDate "2012.05.25"]
[EventType "swiss"]
[EventRounds "7"]
[EventCountry "NED"]
[Source "P.Boonen"]
[SourceDate "2013.01.01"]

1. d4 d5 2. c4 c6 3. Nf3 Nf6 4. Qc2 g6 5. Bf4 Bg7 6. e3 O-O 7. Nc3 Qa5 8. a3 c5
9. dxc5 dxc4 10. Bxc4 Qxc5 11. Ne5 Nc6 12. b4 Qxe5 13. Bxe5 Nxe5 14. Bb3 Bf5
15. e4 Bd7 16. O-O Rac8 17. Rac1 Nc6 18. Rcd1 e5 19. Qb2 Nd4 20. Rfe1 Bg4 21.
f3 Nxb3 22. Qxb3 Be6 23. Nd5 Kh8 24. Qe3 a6 25. Qb6 Rb8 26. Rd3 Nd7 27. Qa7
Rfd8 28. Nc7 Nf8 29. Rxd8 Rxd8 30. Nxe6 Nxe6 31. Qxb7 Kg8 32. Qxa6 h5 33. Qf1
Bf8 34. Rb1 Rd4 35. Qe1 Nf4 36. g3 Ne6 37. Qc3 Rd7 38. Qxe5 Bg7 39. Qb8+ Kh7
40. e5 Rd2 41. f4 h4 42. Qb7 Nd4 43. Re1 h3 44. Qe4 Bf8 45. g4 Be7 46. Qe3 Bh4
47. Rf1 Rg2+ 48. Kh1 Bg3 49. Qxg3 1-0

[Event "ENCI Limburg-open A"]
[Site "Maastricht"]
[Date "2012.05.25"]
[Round "1"]
[White "Wislez, Francis"]
[Black "Offringa, Joost"]
[Result "1/2-1/2"]
[WhiteElo "2023"]
[BlackElo "2107"]
[PlyCount "82"]
[EventDate "2012.05.25"]
[EventType "swiss"]
[EventRounds "7"]
[EventCountry "NED"]
[Source "P.Boonen"]
[SourceDate "2013.01.01"]

1. e4 e5 2. Nc3 Nf6 3. Nf3 Nc6 4. d4 exd4 5. Nxd4 Bb4 6. Nxc6 bxc6 7. Bd3 d5 8.
e5 d4 9. a3 dxc3 10. axb4 Qd4 11. exf6 cxb2 12. Bxb2 Qxb4+ 13. c3 Qxb2 14. Rc1
gxf6 15. O-O Be6 16. Qf3 Ke7 17. Qxc6 Qb6 18. Qf3 Rad8 19. Rfe1 Qc5 20. Re3 Rd5
21. Rce1 h5 22. Qf4 Rg8 23. Be4 Rg4 24. Qh6 Re5 25. Bf3 Qxc3 26. h3 Qxe1+ 27.
Rxe1 Rxe1+ 28. Kh2 Rg5 29. h4 Rf5 30. Qd2 Ree5 31. Qb4+ Rc5 32. Be4 Rfe5 33. f4
a5 34. Qa3 Rxe4 35. Qxc5+ Kd8 36. Qxa5 f5 37. Kg3 Kd7 38. Qd2+ Ke7 39. Qc3 Bc4
40. Kh2 c6 41. Qh8 Be2 1/2-1/2

[Event "ENCI Limburg-open A"]
[Site "Maastricht"]
[Date "2012.05.25"]
[Round "1"]
[White "Woestenburg, Jochem"]
[Black "Coenen, Eduard"]
[Result "1-0"]
[WhiteElo "2092"]
[BlackElo "2042"]
[PlyCount "65"]
[EventDate "2012.05.25"]
[EventType "swiss"]
[EventRounds "7"]
[EventCountry "NED"]
[Source "P.Boonen"]
[SourceDate "2013.01.01"]

1. e4 g6 2. d4 Bg7 3. f3 d5 4. e5 c5 5. c3 Nc6 6. Ne2 e6 7. Bf4 Nge7 8. Qd2 Nf5
9. Na3 Qb6 10. O-O-O h5 11. h4 Bd7 12. g4 hxg4 13. fxg4 Nxh4 14. Qe3 cxd4 15.
cxd4 Bf8 16. Rh3 Be7 17. Bg5 Qd8 18. Bxe7 Qxe7 19. Nb5 O-O-O 20. Nd6+ Kb8 21.
Qf4 Rdf8 22. Rb3 Bc8 23. Nc3 f6 24. exf6 Qxf6 25. Qxf6 Rxf6 26. Ba6 Rh7 27. Na4
Rf3 28. Rb5 Rc7 29. Nc5 Na5 30. Kb1 b6 31. Bxc8 Rxc5 32. dxc5 Kc7 33. Bxe6 1-0

[Event "ENCI Limburg-open A"]
[Site "Maastricht"]
[Date "2012.05.26"]
[Round "2"]
[White "Balje, Jan"]
[Black "Van Gelder, Bart"]
[Result "1-0"]
[WhiteElo "2175"]
[BlackElo "2166"]
[PlyCount "93"]
[EventDate "2012.05.25"]
[EventType "swiss"]
[EventRounds "7"]
[EventCountry "NED"]
[Source "P.Boonen"]
[SourceDate "2013.01.01"]

1. d4 d6 2. c4 e5 3. d5 f5 4. e4 Nf6 5. exf5 Bxf5 6. Nc3 Be7 7. Nge2 Ne4 8.
Nxe4 Bxe4 9. Ng3 Bg6 10. Bd3 Bxd3 11. Qxd3 Nd7 12. Ne4 b6 13. O-O O-O 14. Be3
Nc5 15. Bxc5 bxc5 16. a3 a5 17. Qc3 a4 18. Rfb1 Qd7 19. b4 axb3 20. Rxb3 Rfb8
21. a4 Qc8 22. Rb5 Qa6 23. g3 Rxb5 24. cxb5 Qa5 25. Qxa5 Rxa5 26. Nd2 Kf8 27.
Nc4 Ra7 28. a5 Ke8 29. Kg2 Kd7 30. Kf3 g6 31. h4 Kc8 32. a6 Kd7 33. Ke4 Bd8 34.
Ra3 Ra8 35. Rf3 Ke8 36. Rb3 Kd7 37. Rb1 Rb8 38. Na5 Ra8 39. Nc4 Rb8 40. f3 Ra8
41. g4 Rb8 42. h5 Ke8 43. hxg6 hxg6 44. Rh1 Be7 45. Rh8+ Bf8 46. Nxd6+ cxd6 47.
a7 1-0

[Event "ENCI Limburg-open A"]
[Site "Maastricht"]
[Date "2012.05.26"]
[Round "2"]
[White "Berg, Emanuel"]
[Black "Nabuurs, Joep"]
[Result "1-0"]
[WhiteElo "2587"]
[BlackElo "2216"]
[PlyCount "135"]
[EventDate "2012.05.25"]
[EventType "swiss"]
[EventRounds "7"]
[EventCountry "NED"]
[Source "P.Boonen"]
[SourceDate "2013.01.01"]

1. e4 c5 2. Nf3 d6 3. d4 cxd4 4. Nxd4 Nf6 5. Nc3 a6 6. Bg5 e6 7. f4 Be7 8. Qf3
Qc7 9. O-O-O Nbd7 10. Bd3 h6 11. Qh3 Nb6 12. Rhe1 e5 13. Nf5 Bxf5 14. exf5
O-O-O 15. Bxf6 Bxf6 16. fxe5 dxe5 17. Ne4 Nd5 18. c3 Kb8 19. Bc2 Qe7 20. Qf3
Nb6 21. Bb3 Qc7 22. Qh5 Nc4 23. Bxc4 Qxc4 24. Qf3 Bh4 25. b3 Qc6 26. Rxd8+ Rxd8
27. Rd1 Be7 28. Rxd8+ Bxd8 29. Qd3 Be7 30. Kb2 h5 31. g3 g6 32. Qf3 Qd5 33. Kc2
Kc7 34. a4 Kb8 35. Ng5 Qxf3 36. Nxf3 Bf6 37. fxg6 fxg6 38. Kd3 Kc7 39. Ke4 Kd6
40. Nd2 b5 41. axb5 axb5 42. Nf3 Ke6 43. h3 Kd6 44. h4 Bg7 45. Ng5 Bf6 46. c4
bxc4 47. bxc4 Bg7 48. c5+ Kc6 49. Nf7 Kxc5 50. Nxe5 g5 51. hxg5 Kd6 52. Ng6 Ke6
53. Nf4+ Kf7 54. Nxh5 Bc3 55. Kf5 Bb2 56. g6+ Kg8 57. Nf6+ Kg7 58. Ne8+ Kg8 59.
Kg5 Bc1+ 60. Kh5 Bb2 61. Nd6 Bc3 62. Nf5 Bb2 63. g4 Bc3 64. Kh6 Bd2+ 65. g5 Bb4
66. g7 Ba3 67. Kg6 Bc1 68. Nh6# 1-0

[Event "ENCI Limburg-open A"]
[Site "Maastricht"]
[Date "2012.05.26"]
[Round "2"]
[White "Bezemer, Arno"]
[Black "Henrichs, Thomas"]
[Result "0-1"]
[WhiteElo "2354"]
[BlackElo "2483"]
[PlyCount "116"]
[EventDate "2012.05.25"]
[EventType "swiss"]
[EventRounds "7"]
[EventCountry "NED"]
[Source "P.Boonen"]
[SourceDate "2013.01.01"]

1. e4 e5 2. Nf3 Nc6 3. d4 exd4 4. Nxd4 Nf6 5. Nxc6 bxc6 6. e5 Qe7 7. Qe2 Nd5 8.
Nd2 g6 9. Nf3 Bg7 10. c4 Nb6 11. Bf4 O-O 12. O-O-O Bb7 13. Qc2 c5 14. Be2 Rab8
15. Rhe1 Bc6 16. Bd3 Rfe8 17. Be4 Bxe4 18. Rxe4 Qe6 19. h3 a5 20. a4 Qc6 21. b3
d6 22. Rde1 d5 23. cxd5 Nxd5 24. Bd2 Qb6 25. Rc4 Bf8 26. Rd1 c6 27. Kb2 Qa6 28.
Ka2 Nb6 29. Re4 c4 30. bxc4 Nd7 31. e6 fxe6 32. Bc3 Nc5 33. Rg4 Qb7 34. Ne5
Qb3+ 35. Qxb3 Rxb3 36. Bd4 Rb4 37. Nxc6 Rxa4+ 38. Kb1 Rxc4 39. Nxa5 Rb8+ 40.
Bb2 Rxg4 41. hxg4 Bg7 42. Nc4 Ne4 43. Kc2 Nxf2 44. Rd6 Bxb2 45. Nxb2 Re8 46. g5
Ne4 47. Rd7 Nxg5 48. Nc4 Rf8 49. Kd3 Rf7 50. Rd8+ Kg7 51. Ne5 Rf5 52. Rd7+ Nf7
53. Ng4 h5 54. Ne3 Rf4 55. Ra7 Kf6 56. Ra6 Ne5+ 57. Ke2 Re4 58. Kd2 Nc4+ 0-1

[Event "ENCI Limburg-open A"]
[Site "Maastricht"]
[Date "2012.05.26"]
[Round "2"]
[White "Boer, Alef"]
[Black "Hamblok, Roel"]
[Result "1/2-1/2"]
[WhiteElo "2153"]
[BlackElo "2260"]
[PlyCount "45"]
[EventDate "2012.05.25"]
[EventType "swiss"]
[EventRounds "7"]
[EventCountry "NED"]
[Source "P.Boonen"]
[SourceDate "2013.01.01"]

1. c4 e6 2. g3 d5 3. Nf3 Nf6 4. Bg2 Be7 5. O-O O-O 6. b3 c5 7. Bb2 Nc6 8. e3 b6
9. Nc3 Bb7 10. d3 Rc8 11. Rc1 Rc7 12. Qe2 Rd7 13. Rfd1 Qa8 14. cxd5 Nxd5 15.
Nxd5 Rxd5 16. Ne5 Rxe5 17. Bxc6 Bxc6 18. Bxe5 Bf3 19. Qb2 f6 20. Bc3 Qd5 21.
Qd2 Qh5 22. Qe1 Bxd1 23. Rxd1 1/2-1/2